Harf hawaly sukhan ujaly / (Record no. 356261)
[ view plain ]
| 000 -LEADER | |
|---|---|
| fixed length control field | 00671nam a22002177a 4500 |
| 001 - CONTROL NUMBER | |
| control field | 546879 |
| 003 - CONTROL NUMBER IDENTIFIER | |
| control field | NUST |
| 005 - DATE AND TIME OF LATEST TRANSACTION | |
| control field | 20180312062814.0 |
| 008 - FIXED-LENGTH DATA ELEMENTS--GENERAL INFORMATION | |
| fixed length control field | 180312b ||||| |||| 00| 0 eng d |
| 082 ## - DEWEY DECIMAL CLASSIFICATION NUMBER | |
| Classification number | 891.4391 |
| Author Mark | ARI |
| 100 ## - MAIN ENTRY--PERSONAL NAME | |
| Personal name | Arif, Mehreen |
| 9 (RLIN) | 10129 |
| 245 ## - TITLE STATEMENT | |
| Title | Harf hawaly sukhan ujaly / |
| Statement of responsibility, etc. | by Mehreen Arif |
| 260 ## - PUBLICATION, DISTRIBUTION, ETC. | |
| Place of publication, distribution, etc. | Lahore: |
| Name of publisher, distributor, etc. | Alina publishers, |
| Date of publication, distribution, etc. | 1990 |
| 300 ## - PHYSICAL DESCRIPTION | |
| Extent | 192 pages |
| 546 ## - LANGUAGE NOTE | |
| Language note | In Urdu |
| 650 ## - SUBJECT ADDED ENTRY--TOPICAL TERM | |
| Topical term or geographic name entry element | Urdu Literature- Poetry |
| 9 (RLIN) | 1415 |
| 880 ## - ALTERNATE GRAPHIC REPRESENTATION | |
| Linkage | 100-01\r |
| Title | مہرین عارف |
| 880 ## - ALTERNATE GRAPHIC REPRESENTATION | |
| Linkage | 245-02\r |
| Title | حرف حوالے سخن اجالے |
| c | مہرین عارف |
| 880 ## - ALTERNATE GRAPHIC REPRESENTATION | |
| Linkage | 260-03\r |
| Title | لاہور: |
| b | علینہ پبلشرز، |
| c | 1990 |
| 942 ## - ADDED ENTRY ELEMENTS (KOHA) | |
| Source of classification or shelving scheme | |
| Koha item type | Book |
| Withdrawn status | Lost status | Source of classification or shelving scheme | Damaged status | Not for loan | Permanent Location | Current Location | Shelving location | Date acquired | Full call number | Barcode | Date last seen | Copy number | Price effective from | Koha item type |
|---|---|---|---|---|---|---|---|---|---|---|---|---|---|---|
| Central Library (CL) | Central Library (CL) | Fiction | 03/12/2018 | 891.4391 ARI | CL3298 | 03/12/2018 | 1 | 03/12/2018 | Book |
